| 000 | 00689cam a22002172 4500 | ||
|---|---|---|---|
| 001 | 0000023670 | ||
| 005 | 20151217152246.0 | ||
| 008 | 130315s xx 000 0 eng d | ||
| 020 | _a0192632494 : | ||
| 040 |
_aKABU _cKABU |
||
| 245 | 1 | 0 |
_aOxford handbook of clinical diagnosis / _cHuw Llewelyn ... [et al.]. |
| 250 | _a1st ed. | ||
| 260 |
_aOxford : _bO. U. P., _c2006. |
||
| 300 | _axxvi, 702 p. | ||
| 650 | 0 |
_aDiagnosis _vHandbooks, manuals, etc. _@0000183298 |
|
| 650 | 0 |
_aPhysical diagnosis _vHandbooks, manuals, etc. _@0000183280 |
|
| 700 | 1 |
_aLlewelyn, Huw. _@0000183283 |
|
| 852 | 1 | _9p4095 KES | |
| 908 | _a130315 | ||
| 950 | _@1 | ||
| 999 |
_c9919 _d9919 |
||